000 00697nam a2200229Ia 4500
003 OSt
005 20220926004535.0
006 a|||||r|||| 00| 0
007 ta
008 220923b |||||||| |||| 00| 0 eng d
037 _cGeneral Book
040 _aRTL
_cRTL
_beng
041 _2eng
_aeng
082 _aX62:75.281, M9/SC
100 _aAVRAMOVIC Dragoslav
_9129966
245 0 _aSructural adjustment lending
_b A Preliminary analysis
260 _a New Delhi
_bResearch and Information System
_c1989
300 _av,38p.
_ccm.
490 _aRIS occasional papers;27
942 _hX62:75.281, M9/SC
_cGB
_2CC
999 _c611544
_d611544